01157nab a2200337 a 450000100060000000300080000600500170001400600190003100700150005000800410006502200160010603500210012204000260014305000230016908000120019210000260020424500960023026000390032630000120036553301640037760000470054165000220058865000160061065000290062665000140065565000200066965500320068971000190072185600620074099900170080299598FlNmELB20241217172956.0m o d | cr cn|||||||||130619s2006 ag s 000 0 spa d z100881-7780 a(OCoLC)928698221 aFlNmELBbspacFlNmELB 4aGV951bF365 2006eb a796.3321 aFernández, Gabriel.10aJugar mejorh[recurso electronico]buna respuesta a Eduardo Galeano /cGabriel Fernández. a[Buenos Aires] :bNAC&POP,c[2006] a3-12 p. aRecurso electrónico. Santa Fe, Arg.: e-libro, 2015. Disponible vía World Wide Web. El acceso puede estar limitado para las bibliotecas afiliadas a e-libro.10aHughes Galeano, Eduardo Germán,d(1940-) 4aJuegos de pelota. 4aPolítica. 4aDiscriminación racial. 0aFootball. 0aDiscrimination. 4aArtículos electrónicos.2 ae-libro, Corp.40uhttps://elibro.net/ereader/politecnicointernacional/13565 c99598d99598